Country by Most Expensive Footballer (Europe) - Statistics

General Stats
  • This quiz has been taken 207 times
  • The average score is 33 of 55
Answer Stats
Market Value Player Country % Correct
100 m Cristiano Ronaldo Portugal
99%
80 m Antoine Griezmann France
95%
60 m Harry Kane England
94%
80 m Robert Lewandowski Poland
94%
80 m Gareth Bale Wales
94%
70 m Toni Kroos Germany
93%
45 m Marco Verratti Italy
92%
75 m Eden Hazard Belgium
91%
45 m Ivan Rakitic Croatia
91%
40 m Christian Eriksen Denmark
90%
30 m Virgil van Dijk Netherlands
90%
25 m Gylfi Sigurdsson Iceland
86%
60 m Koke Spain
85%
30 m Konstantinos Manolas Greece
82%
35 m Nemanja Matic Serbia
82%
35 m Granit Xhaka Switzerland
82%
38 m David Alaba Austria
80%
22 m Victor Lindelöf Sweden
79%
35 m Henrikh Mkhitaryan Armenia
78%
18 m Andrey Yarmolenko Ukraine
78%
40 m Miralem Pjanic Bosnia and Herzegovina
77%
17 m Seamus Coleman Ireland
77%
40 m Marek Hamsik Slovakia
76%
40 m Jan Oblak Slovenia
76%
20 m Hakan Calhanoglu Turkey
76%
7 m Johnny Evans Northern Ireland
64%
30 m Stefan Savic Montenegro
62%
6 m Stefan Radu Romania
58%
8 m Joshua King Norway
55%
15 m Patrik Schick Czech Republic
52%
18 m Elseid Hysaj Albania
51%
5 m Ivelin Popov Bulgaria
51%
4.25 m Balázs Dzsudszák Hungary
48%
3.5 m Ragnar Klavan Estonia
46%
10 m Jordan Rhodes Scotland
45%
4.5 m Lukas Hradecky Finland
43%
7 m Eran Zahavi Israel
40%
75 k Elia Benedettini San Marino
38%
3 m Konstantinos Laifis Cyprus
36%
3.5 m Solomon Kvirkvelia Georgia
36%
3.75 m Alexandru Epureanu Moldova
35%
16 m Mário Fernandes Russia
35%
600 k Joán Símun Edmundsson Faroe Islands
31%
1.5 m Artjoms Rudnevs Latvia
30%
1.5 m Marcel Büchel Liechtenstein
29%
200 k Max Llovera Andorra
28%
1.5 m Lukas Spalvis Lithuania
27%
1.2 m Laurent Jans Luxembourg
27%
2.5 m Aleksandr Martynovich Belarus
26%
350 k Scott Wiseman Gibraltar
26%
5 m Arber Zeneli Kosovo
23%
3.5 m Ilija Nestorovski Macedonia
23%
1.8 m Bauyrzhan Islamkhan Kazakhstan
21%
1 m André Schembri Malta
20%
1.5 m Richard Almeira Azerbaijan
13%
No matching quizzes found
Score Distribution
Percent of People with Each Score
Percentile by Number Answered
Your Score History
You have not taken this quiz